|
|
|
|
| LEADER |
00000nam0a2200000 4500 |
| 001 |
142127 |
| 005 |
20231101220941.0 |
| 010 |
|
|
|a 5339005976
|
| 020 |
|
|
|a RU
|b 91-11933
|
| 035 |
|
|
|a (RuTPU)RU\TPU\book\154033
|
| 090 |
|
|
|a 142127
|
| 100 |
|
|
|a 20080902d1991 k a0rusy5003 ca
|
| 101 |
0 |
|
|a rus
|
| 102 |
|
|
|a BY
|
| 105 |
|
|
|a a z 001zy
|
| 200 |
1 |
|
|a Метод внешних конечноэлементных аппроксимаций
|f В. Н. Апанович
|
| 210 |
|
|
|a Минск
|c Вышэйшая школа
|d 1991
|
| 215 |
|
|
|a 170,[1] с.
|c ил.
|d 22 см
|
| 320 |
|
|
|a Библиогр.: с. 163-169 (152 назв.)
|
| 606 |
|
|
|a Аппроксимация
|x (математика)
|2 stltpush
|3 (RuTPU)RU\TPU\subj\29313
|9 52675
|
| 606 |
|
|
|a Конечных элементов метод
|2 stltpush
|3 (RuTPU)RU\TPU\subj\15366
|9 41614
|
| 610 |
1 |
|
|a краевые задачи
|
| 610 |
1 |
|
|a твердые тела
|
| 610 |
1 |
|
|a задачи кручения
|
| 675 |
|
|
|a 517.962
|z rus
|
| 675 |
|
|
|a 517.518.8
|z rus
|
| 700 |
|
1 |
|a Апанович
|b В. Н.
|g Виктор Николаевич
|4 070
|
| 801 |
|
0 |
|a RU
|b RuMRKP
|c 19950417
|g psbo
|
| 801 |
|
1 |
|a RU
|b 63413507
|c 20080902
|g PSBO
|
| 801 |
|
2 |
|a RU
|b 63413507
|c 20171218
|g PSBO
|
| 942 |
|
|
|c BK
|